Deutsche Nummer-1-Hits mit H - Statistiken

Allgemein
  • Dieses Quiz wurde 55 mal gespielt
  • Das Durchschnittsergebnis liegt bei 7 aus 18
Antwortstatistiken
Jahr Textzeile Titel % Korrekt
2007 Du bist _____ wie du dich bewegst in deinem Outfit Hamma
85%
2015 ____ from the other side, I must have called a thousand times Hello
76%
2014 Because I'm ____, clap along if you feel like a room without a roof Happy
70%
2008 You change your mind like a girl changes clothes Hot N Cold
52%
2016 Maybe I'm foolish, maybe I'm blind, thinking I can see through this and see what's behind Human
50%
2015 Are you, are you coming to the tree? They strung up a man they say who murdered three Hanging Tree
46%
2006 Oh baby when you talk like that you make a woman go mad Hips Don't Lie
46%
2021 Ich bin wieder viel zu schnell auf dem _______ und ich spüre den Wind Highway
41%
1968 Remember to let her into your heart, then you can start to make it better Hey Jude
39%
2005 Every little thing that you say or do, I'm ___ __, I'm ___ __ on you Hung Up
33%
1968 Dort schauen ja die Engel zum Fenster herein, singen ______ _________ bum bum Heidschi Bumbeidschi
30%
1970 It's been the ruin of many a poor boy, and God, I know, I'm one House of the Rising Sun
26%
1973 She's a ___ ____, star chaser, trail blazer, natural born raver, yeah, yeah, yeah, yeah, yeah Hell Raiser
24%
2007 Times Square can't shine as bright as you, I swear it's true Hey There Delilah
22%
1979 Once I had a love, and it was a gas, soon turned out, had a ___ __ ____ Heart of Glass
20%
1998 Que una hembra gitana, conjuró a la luna hasta el amanecer Hijo de la Luna
17%
1986 We're going to London and New York City and we take a little piece of Amsterdam Holiday Rap
15%
1984 ___ _____, your love is lifting me High Energy
13%
Keine übereinstimmenden Quizze gefunden
Verteilung der Resultate
Anzahl Personen mit jedem Resultat
Perzentil nach korrekt beantworteten Fragen
Ihre Resultats-Entwicklung
Sie haben dieses Quiz noch nicht gespielt